Home, school, & community relations / (Record no. 27742)

000 -LEADER
fixed length control field 01165cam a2200313 a 4500
001 - CONTROL NUMBER
control field 16947954
005 - DATE AND TIME OF LATEST TRANSACTION
control field 20170210111423.0
008 - FIXED-LENGTH DATA ELEMENTS--GENERAL INFORMATION
fixed length control field 110906s2011 caua b 001 0 eng
010 ## - LIBRARY OF CONGRESS CONTROL NUMBER
LC control number 2011938100
020 ## - INTERNATIONAL STANDARD BOOK NUMBER
International Standard Book Number 9781111833237 (student edition)
042 ## - AUTHENTICATION CODE
Authentication code pcc
043 ## - GEOGRAPHIC AREA CODE
Geographic area code n-us---
050 00 - LIBRARY OF CONGRESS CALL NUMBER
Classification number LC225.3
Item number .G47 2013
082 00 - DEWEY DECIMAL CLASSIFICATION NUMBER
Classification number 372.119
Edition number 23
100 1# - MAIN ENTRY--PERSONAL NAME
Personal name Gestwicki, Carol,
Dates associated with a name 1940-
245 10 - TITLE STATEMENT
Title Home, school, & community relations /
Statement of responsibility, etc. Carol Gestwicki.
246 3# - VARYING FORM OF TITLE
Title proper/short title Home, school, and community relations
250 ## - EDITION STATEMENT
Edition statement Eighth edition.
260 ## - PUBLICATION, DISTRIBUTION, ETC. (IMPRINT)
Place of publication, distribution, etc. Belmont, CA :
Name of publisher, distributor, etc. Wadsworth Cengage Learning,
Date of publication, distribution, etc. [2013]
300 ## - PHYSICAL DESCRIPTION
Extent xx, 529 pages :
Other physical details illustrations ;
Dimensions 26 cm.
504 ## - BIBLIOGRAPHY, ETC. NOTE
Bibliography, etc Includes bibliographical references (pages 510-517) and index.
650 #0 - SUBJECT ADDED ENTRY--TOPICAL TERM
Topical term or geographic name as entry element Home and school
Geographic subdivision United States
Form subdivision Textbooks.
650 #0 - SUBJECT ADDED ENTRY--TOPICAL TERM
Topical term or geographic name as entry element Parent-teacher relationships
Geographic subdivision United States
Form subdivision Textbooks.
650 #0 - SUBJECT ADDED ENTRY--TOPICAL TERM
Topical term or geographic name as entry element Community and school
Geographic subdivision United States
Form subdivision Textbooks.
942 ## - ADDED ENTRY ELEMENTS (KOHA)
Source of classification or shelving scheme
Koha item type Hard Covered Materials
Holdings
Withdrawn status Lost status Source of classification or shelving scheme Damaged status Not for loan Home library Current library Shelving location Date acquired Source of acquisition Total Checkouts Full call number Barcode Date last seen Price effective from Koha item type
          MACHAKOS UNIVERSITY LIBRARY MACHAKOS UNIVERSITY LIBRARY Technical section 10/02/2017 Donation(BFA)   LC 225.3 .G48 2013 35584 31/05/2018 10/02/2017 Hard Covered Materials
© Machakos University Library, Along The Highway, Machakos Wote Rd, Machakos, Kenya P.O. Box 136 - 90100 Machakos - Kenya

Tel: ( +254 ) 723 805829 OR Fax : 044-20353 OR Email: library@mksu.ac.ke